[Event "Primorsko op"]
[Site "Primorsko"]
[Date "2021.09.19"]
[Round "7"]
[White "Nahornyi, Ihor"]
[Black "Hristov, Petar"]
[Result "1/2-1/2"]
[WhiteElo "1914"]
[BlackElo "1949"]
[PlyCount "83"]
[EventDate "2021.09.13"]
[EventType "swiss"]
[EventRounds "9"]
[EventCountry "BUL"]
[SourceTitle "CBM 204 Extra"]
[Source "ChessBase"]
[SourceDate "2021.11.30"]
[SourceVersion "1"]
[SourceVersionDate "2021.11.30"]
[SourceQuality "1"]

1. e4 e5 2. Nf3 Nc6 3. Bb5 a6 4. Ba4 Nf6 5. 0-0 b5 6. Bb3 Be7 7. Re1 d6 8. c3 0-0 9. h3 Na5 10. Bc2 c5 11. d4 cxd4 12. cxd4 Qc7 13. Nbd2 Bd7 14. Nf1 Nc6 15. d5 Nb4 16. Bb1 Rfc8 17. Bd2 a5 18. a3 Na6 19. b4 axb4 20. axb4 Qb7 21. Bd3 Nc7 22. Qe2 Rxa1 23. Rxa1 Ra8 24. Rxa8+ Qxa8 25. Ne1 Nfe8 26. Ne3 Bg5 27. N1c2 g6 28. Nd1 Bxd2 29. Qxd2 Ng7 30. Nc3 f5 31. f3 f4 32. Qe1 g5 33. Qa1 Qc8 34. Qa5 h5 35. Na3 g4 36. hxg4 hxg4 37. fxg4 Nge8 38. g5 Kg7 39. Naxb5 Nxb5 40. Nxb5 Bxb5 41. Qxb5 Qc1+ 42. Kh2 1/2-1/2

[Event "Teteven op 29th"]
[Site "Teteven"]
[Date "2014.08.14"]
[Round "6"]
[White "Hristov, Petar"]
[Black "Filev, Georgi"]
[Result "0-1"]
[WhiteElo "1999"]
[BlackElo "2323"]
[PlyCount "84"]
[EventDate "2014.08.09"]
[EventType "swiss"]
[EventRounds "9"]
[EventCountry "BUL"]
[SourceTitle "CBM 162 Extra"]
[Source "ChessBase"]
[SourceDate "2014.10.17"]
[SourceVersion "1"]
[SourceVersionDate "2014.10.17"]
[SourceQuality "1"]

1. d4 f5 2. g3 Nf6 3. Bg2 g6 4. c4 Bg7 5. Nc3 d6 6. Nf3 0-0 7. 0-0 c6 8. b3 a5 9. Bb2 Na6 10. d5 cxd5 11. cxd5 Nc5 12. Nd4 Bd7 13. e3 Qb6 14. Rb1 Rac8 15. Ba1 Qa6 16. Re1 Nce4 17. Nxe4 Nxe4 18. Bf1 Qb6 19. Bc4 Bf6 20. f3 Nc5 21. Qe2 Na6 22. Rec1 Nc7 23. a3 Qa7 24. Kf2 f4 25. gxf4 b5 26. Nxb5 Bh4+ 27. Kg2 Nxb5 28. Bxb5 Bxb5 29. Qxb5 Qxe3 30. Qf1 Rxc1 31. Rxc1 Qxb3 32. Rd1 Qc2+ 33. Kh3 Rxf4 34. Qd3 Qxd3 35. Rxd3 Kf7 36. Bc3 a4 37. Kg2 Rc4 38. Kf1 Bf6 39. Bb4 Rc2 40. Kg1 Be5 41. Rd2 Rxd2 42. Bxd2 Bb2 0-1

[Event "Varna op-A 8th"]
[Site "Varna"]
[Date "2014.06.20"]
[Round "2"]
[White "Hristov, Petar"]
[Black "Haskel, Jeffrey"]
[Result "1/2-1/2"]
[WhiteElo "2005"]
[BlackElo "2241"]
[PlyCount "33"]
[EventDate "2014.06.19"]
[EventType "swiss"]
[EventRounds "9"]
[EventCountry "BUL"]
[SourceTitle "CBM 161 Extra"]
[Source "ChessBase"]
[SourceDate "2014.08.29"]
[SourceVersion "1"]
[SourceVersionDate "2014.08.29"]
[SourceQuality "1"]

1. d4 Nf6 2. Nf3 e6 3. c4 b6 4. g3 Ba6 5. Qc2 Bb4+ 6. Bd2 Be7 7. Bg2 c6 8. 0-0 d5 9. cxd5 cxd5 10. Nc3 0-0 11. Rfe1 Nbd7 12. e4 dxe4 13. Nxe4 Bb7 14. Ne5 Nxe4 15. Bxe4 Bxe4 16. Qxe4 Nxe5 17. dxe5 1/2-1/2

[Event "Varna op-A 8th"]
[Site "Varna"]
[Date "2014.06.19"]
[Round "1"]
[White "Panbukchian, Valentin"]
[Black "Hristov, Petar"]
[Result "1-0"]
[WhiteElo "2335"]
[BlackElo "2005"]
[PlyCount "43"]
[EventDate "2014.06.19"]
[EventType "swiss"]
[EventRounds "9"]
[EventCountry "BUL"]
[SourceTitle "CBM 161 Extra"]
[Source "ChessBase"]
[SourceDate "2014.08.29"]
[SourceVersion "1"]
[SourceVersionDate "2014.08.29"]
[SourceQuality "1"]

1. f4 e5 2. fxe5 d6 3. exd6 Bxd6 4. Nf3 Nf6 5. e3 0-0 6. g3 Bg4 7. Bg2 Qd7 8. Nc3 Bh3 9. Qe2 Bxg2 10. Qxg2 Re8 11. b3 Na6 12. Bb2 Nb4 13. Rc1 Rad8 14. 0-0 c5 15. a3 Nc6 16. Rce1 Ne5 17. d3 Ng6 18. e4 h5 19. Nd1 h4 20. Bxf6 gxf6 21. Ne3 hxg3 22. hxg3 1-0

[Event "Varna op 7th"]
[Site "Varna"]
[Date "2013.06.25"]
[Round "7"]
[White "Kostadinov, Teodosi"]
[Black "Hristov, Petar"]
[Result "1/2-1/2"]
[WhiteElo "2174"]
[BlackElo "1999"]
[PlyCount "104"]
[EventDate "2013.06.19"]
[EventType "swiss"]
[EventRounds "9"]
[EventCountry "BUL"]
[SourceTitle "CBM 155 Extra"]
[Source "ChessBase"]
[SourceDate "2013.08.26"]
[SourceVersion "1"]
[SourceVersionDate "2013.08.26"]
[SourceQuality "1"]

1. e4 g6 2. Nc3 Bg7 3. Nf3 d6 4. Bc4 Nf6 5. d3 Bg4 6. h3 Bxf3 7. Qxf3 Nc6 8. Bb5 Qd7 9. Be3 a6 10. Ba4 b5 11. Bb3 0-0 12. a3 e5 13. 0-0 Kh8 14. Qd1 Nh5 15. Nd5 Ne7 16. Nxe7 Qxe7 17. g3 Qe8 18. c3 f5 19. exf5 gxf5 20. Bd5 c6 21. Bf3 Nf6 22. Bg2 Nd5 23. Bd2 f4 24. g4 Qf7 25. Bf3 Ne7 26. Re1 Rac8 27. a4 Ng6 28. axb5 axb5 29. Bg2 Nh4 30. f3 Ra8 31. Rf1 Ra2 32. Rb1 Qd5 33. Be1 Bf6 34. Bf2 Ng6 35. c4 bxc4 36. dxc4 Qe6 37. Qd3 Rd8 38. Rfc1 Raa8 39. Be1 Rd7 40. Bf1 d5 41. cxd5 cxd5 42. Qb5 e4 43. Rc6 Rd6 44. Rxd6 Qxd6 45. Rd1 e3 46. Rxd5 Qb8 47. Qxb8+ Rxb8 48. b4 Ra8 49. Ra5 Rc8 50. Rc5 Rxc5 51. bxc5 Bd4 52. Be2 Bxc5 1/2-1/2

[Event "Varna op 7th"]
[Site "Varna"]
[Date "2013.06.22"]
[Round "4"]
[White "Mitev, Valentin"]
[Black "Hristov, Petar"]
[Result "0-1"]
[WhiteElo "1514"]
[BlackElo "1999"]
[PlyCount "80"]
[EventDate "2013.06.19"]
[EventType "swiss"]
[EventRounds "9"]
[EventCountry "BUL"]
[SourceTitle "CBM 155 Extra"]
[Source "ChessBase"]
[SourceDate "2013.08.26"]
[SourceVersion "1"]
[SourceVersionDate "2013.08.26"]
[SourceQuality "1"]

1. d4 e6 2. c4 d5 3. Nc3 Nf6 4. Nf3 c6 5. Bg5 Nbd7 6. cxd5 exd5 7. e3 Qa5 8. Bd3 Ne4 9. Bxe4 dxe4 10. Ne5 Bb4 11. Rc1 0-0 12. Bf4 Qxa2 13. 0-0 Bxc3 14. bxc3 Nxe5 15. Bxe5 Be6 16. Qc2 Qxc2 17. Rxc2 Bc4 18. Ra1 Rfd8 19. Rb2 Rd7 20. Rb4 Bd3 21. c4 f6 22. Bg3 a5 23. Rba4 b6 24. f3 f5 25. Be5 Rda7 26. d5 b5 27. cxb5 cxb5 28. R4a2 a4 29. d6 Kf7 30. Bd4 Rd7 31. Bc5 Ke6 32. Rb2 Rc8 33. Bb4 Rxd6 34. Bxd6 Kxd6 35. f4 Rc3 36. Raa2 a3 37. Rd2 b4 38. Rd1 Kc5 39. Raa1 Rc2 40. Rdb1 a2 0-1

[Event "Varna op 7th"]
[Site "Varna"]
[Date "2013.06.20"]
[Round "2"]
[White "Malinina, Alina"]
[Black "Hristov, Petar"]
[Result "0-1"]
[WhiteElo "1520"]
[BlackElo "1999"]
[PlyCount "80"]
[EventDate "2013.06.19"]
[EventType "swiss"]
[EventRounds "9"]
[EventCountry "BUL"]
[SourceTitle "CBM 155 Extra"]
[Source "ChessBase"]
[SourceDate "2013.08.26"]
[SourceVersion "1"]
[SourceVersionDate "2013.08.26"]
[SourceQuality "1"]

1. e4 e6 2. d4 c5 3. Nc3 cxd4 4. Qxd4 Nc6 5. Qd1 Nf6 6. Nf3 Bb4 7. Bd2 d5 8. exd5 exd5 9. Qe2+ Be6 10. g3 0-0 11. Bg2 d4 12. Ne4 Nxe4 13. Qxe4 Bd5 14. Qd3 Re8+ 15. Kf1 Bxf3 16. Bxb4 Bxg2+ 17. Kxg2 Nxb4 18. Qb3 Qb6 19. Rhe1 Nc6 20. Qd3 Ne5 21. Qe4 Qc6 22. Qxc6 Nxc6 23. a3 Kf8 24. f4 Rxe1 25. Rxe1 Re8 26. Rc1 Re2+ 27. Kg1 Ke7 28. h3 Kd6 29. h4 Kd5 30. Kf1 Re3 31. Kf2 Ke4 32. Rg1 Ne7 33. h5 Rf3+ 34. Kg2 Nf5 35. Kh3 Nxg3 36. Rxg3 Kxf4 37. Rxf3+ Kxf3 38. Kh4 h6 39. b3 g5+ 40. hxg6 fxg6 0-1

[Event "Albena Masters op"]
[Site "Albena"]
[Date "2012.05.26"]
[Round "1"]
[White "Arngrimsson, Dagur"]
[Black "Hristov, Petar"]
[Result "1-0"]
[WhiteElo "2381"]
[BlackElo "1965"]
[PlyCount "41"]
[EventDate "2012.05.26"]
[EventType "swiss"]
[EventRounds "9"]
[EventCountry "BUL"]
[SourceTitle "CBM 148 Extra"]
[Source "ChessBase"]
[SourceDate "2012.06.22"]
[SourceVersion "1"]
[SourceVersionDate "2012.06.22"]
[SourceQuality "1"]

1. Nf3 Nf6 2. g3 b6 3. Bg2 Bb7 4. 0-0 e6 5. d3 d5 6. Nbd2 Be7 7. e4 c5 8. e5 Nfd7 9. Re1 Nc6 10. c4 d4 11. Ne4 Qc7 12. Bf4 0-0-0 13. Nfg5 Rdf8 14. Nd6+ Bxd6 15. exd6 Qb8 16. Qa4 Nb4 17. a3 Nxd3 18. Bc6 Bxc6 19. Qxc6+ Kd8 20. Rxe6 Qc8 21. Re8+ 1-0

[Event "Varna op 5th"]
[Site "Varna"]
[Date "2011.07.05"]
[Round "4"]
[White "Hristov, Petar"]
[Black "Kostadinov, Teodosi"]
[Result "0-1"]
[WhiteElo "2006"]
[BlackElo "2217"]
[PlyCount "112"]
[EventDate "2011.07.03"]
[EventType "swiss"]
[EventRounds "9"]
[EventCountry "BUL"]
[SourceTitle "CBM 143 Extra"]
[Source "ChessBase"]
[SourceDate "2011.08.29"]
[SourceVersion "1"]
[SourceVersionDate "2011.08.29"]
[SourceQuality "1"]

1. e4 c5 2. d4 cxd4 3. c3 dxc3 4. Nxc3 Nc6 5. Nf3 d6 6. Bc4 e6 7. 0-0 Be7 8. Bf4 Nf6 9. Qe2 e5 10. Bg5 Bg4 11. Qe3 0-0 12. h3 Bh5 13. g4 Bg6 14. Kh1 Na5 15. Bd3 Ne8 16. Bxe7 Qxe7 17. Nd5 Qd8 18. h4 f6 19. Qd2 Bf7 20. Ne3 Nc6 21. Rg1 Kh8 22. Bc2 Qd7 23. Rg3 Rd8 24. g5 Ne7 25. gxf6 gxf6 26. Ng4 Bh5 27. Nh6 d5 28. Qd3 Nd6 29. Nd2 Nxe4 30. Nxe4 dxe4 31. Qb3 Ng8 32. Nxg8 Rxg8 33. Rag1 Rxg3 34. Qxg3 Bg6 35. h5 Bxh5 36. Bxe4 Bg6 37. f3 Rg8 38. b4 Qf7 39. Qf2 f5 40. Bb1 Qd5 41. a4 Qd4 42. Qg3 Bf7 43. Qh2 Rxg1+ 44. Qxg1 Qxg1+ 45. Kxg1 Bg6 46. Kf2 Kg7 47. f4 Kf6 48. Ke3 h5 49. Bd3 h4 50. Bf1 Bh5 51. Bc4 h3 52. Kf2 exf4 53. Bd5 b6 54. Kg1 Ke5 55. Bc6 Kd4 56. a5 Ke3 0-1

[Event "Varna op 5th"]
[Site "Varna"]
[Date "2011.07.04"]
[Round "2"]
[White "Hristov, Petar"]
[Black "Granovskiy, Alexandr"]
[Result "0-1"]
[WhiteElo "2006"]
[BlackElo "2288"]
[PlyCount "134"]
[EventDate "2011.07.03"]
[EventType "swiss"]
[EventRounds "9"]
[EventCountry "BUL"]
[SourceTitle "CBM 143 Extra"]
[Source "ChessBase"]
[SourceDate "2011.08.29"]
[SourceVersion "1"]
[SourceVersionDate "2011.08.29"]
[SourceQuality "1"]

1. e4 c5 2. d4 cxd4 3. c3 Nf6 4. e5 Nd5 5. Nf3 Nc6 6. Bc4 Nb6 7. Bb3 d5 8. exd6 Qxd6 9. cxd4 e6 10. Nc3 Be7 11. 0-0 0-0 12. Ne4 Qc7 13. Qc2 Nd5 14. Neg5 Nf6 15. d5 exd5 16. Nd4 Qb6 17. Nf5 Bxf5 18. Qxf5 Nd4 19. Qh3 Nxb3 20. axb3 h6 21. Nf3 Qe6 22. Qh4 Qg4 23. Qxg4 Nxg4 24. Ra5 Rfd8 25. Bf4 a6 26. Rd1 Nf6 27. Be5 Rac8 28. Nd4 Ng4 29. Bg3 Bb4 30. Ra4 a5 31. Raa1 Kf8 32. h3 Nf6 33. Bh4 g5 34. Bg3 Ne4 35. Bh2 Bc5 36. f3 Bxd4+ 37. Rxd4 Nc5 38. Ra3 f6 39. Bg3 b6 40. Bf2 Rc6 41. Rd2 Rd7 42. Kf1 Kf7 43. Ke1 Ne6 44. Ra1 Nf4 45. Kf1 Ne6 46. Rad1 d4 47. Bxd4 Nxd4 48. Rxd4 Rxd4 49. Rxd4 Rc1+ 50. Ke2 Rc2+ 51. Rd2 Rxd2+ 52. Kxd2 Ke6 53. Ke3 Kd5 54. b4 a4 55. Kd3 h5 56. Kc3 h4 57. Kd3 b5 58. Kc3 Ke5 59. Kd3 Kf4 60. Ke2 Kg3 61. Kf1 f5 62. Kg1 Kf4 63. Kf2 g4 64. fxg4 fxg4 65. hxg4 Kxg4 66. Kg1 Kg3 67. Kf1 Kf4 0-1

[Event "Kesarovski Georgiev Memorial 9th"]
[Site "Sunny Beach"]
[Date "2010.09.05"]
[Round "9"]
[White "Hristov, Petar"]
[Black "Petrov, Vladimir Sergeev"]
[Result "1-0"]
[WhiteElo "2015"]
[BlackElo "1690"]
[PlyCount "103"]
[EventDate "2010.08.28"]
[EventType "swiss"]
[EventRounds "9"]
[EventCountry "BUL"]
[SourceTitle "CBM 138 Extra"]
[Source "ChessBase"]
[SourceDate "2010.10.29"]
[SourceVersion "1"]
[SourceVersionDate "2010.10.29"]
[SourceQuality "1"]

1. e4 c5 2. d4 cxd4 3. c3 g6 4. cxd4 d5 5. exd5 Nf6 6. Nc3 Bg7 7. Nf3 0-0 8. Bc4 Nbd7 9. 0-0 Nb6 10. Bb3 Nfxd5 11. Bg5 Bg4 12. h3 Nxc3 13. bxc3 Bf5 14. Re1 Bf6 15. Bxf6 exf6 16. Nh4 Bd7 17. Qd3 Bc6 18. Nxg6 Re8 19. Qg3 Rxe1+ 20. Rxe1 Bd5 21. Nf4+ Kh8 22. Nh5 Qg8 23. Nxf6 Qxg3 24. fxg3 Bxb3 25. axb3 Kg7 26. Ne4 Re8 27. Kf1 Rd8 28. Ke2 Re8 29. Kd2 Rd8 30. Nc5 Rb8 31. Re7 Kf6 32. Rxb7 Re8 33. Rxa7 Nd5 34. Nd7+ Kg5 35. Ne5 f6 36. Rd7 Nb6 37. Nf3+ Kg6 38. Rd6 Nc8 39. Ra6 Ne7 40. c4 Nf5 41. Nh4+ Nxh4 42. gxh4 Re4 43. Rd6 Rxh4 44. c5 Re4 45. b4 Re8 46. b5 Kf7 47. c6 Rc8 48. Rd7+ Ke6 49. d5+ Ke5 50. b6 Rb8 51. c7 Rxb6 52. c8Q 1-0

[Event "Kesarovski Georgiev Memorial 9th"]
[Site "Sunny Beach"]
[Date "2010.09.03"]
[Round "7"]
[White "Hristov, Petar"]
[Black "Kolev, Evgeni"]
[Result "1-0"]
[WhiteElo "2015"]
[BlackElo "1906"]
[PlyCount "120"]
[EventDate "2010.08.28"]
[EventType "swiss"]
[EventRounds "9"]
[EventCountry "BUL"]
[SourceTitle "CBM 138 Extra"]
[Source "ChessBase"]
[SourceDate "2010.10.29"]
[SourceVersion "1"]
[SourceVersionDate "2010.10.29"]
[SourceQuality "1"]

1. d4 e6 2. e4 d5 3. exd5 exd5 4. Bd3 Bd6 5. Nf3 Ne7 6. Bg5 f6 7. Bd2 Bf5 8. Bxf5 Nxf5 9. 0-0 0-0 10. Nc3 c6 11. Ne2 Re8 12. Re1 Nd7 13. c3 Nf8 14. Qc2 Qd7 15. Nf4 Ne7 16. Ne2 Nfg6 17. Ng3 Kh8 18. Re2 Bxg3 19. hxg3 Nf5 20. Rae1 Rxe2 21. Rxe2 Nd6 22. Bc1 Re8 23. Rxe8+ Qxe8 24. Kf1 Kg8 25. b3 Qe4 26. Qxe4 Nxe4 27. Bb2 b5 28. Ke2 Kf7 29. Nd2 Nxd2 30. Kxd2 Ne7 31. c4 Ke6 32. Kc3 a5 33. Kd3 Nf5 34. Bc3 dxc4+ 35. bxc4 bxc4+ 36. Kxc4 Nd6+ 37. Kb3 Nb7 38. Kc4 Nd6+ 39. Kd3 Nb7 40. Bb2 Kd5 41. Ba3 Nd8 42. Bc5 Ne6 43. Bb6 c5 44. Bxa5 c4+ 45. Kd2 Nxd4 46. Bc3 Ne6 47. Bb4 Nc7 48. a4 f5 49. Bc3 g6 50. Bb4 Na6 51. Ba3 Nc7 52. Kc3 Ne6 53. Be7 Nd4 54. Bf6 Nc6 55. Bg5 Nb8 56. Be3 Nc6 57. Bb6 Nb8 58. a5 Na6 59. Be3 Nc5 60. Kb4 Na6+ 1-0

[Event "Varna op 4th"]
[Site "Varna"]
[Date "2010.06.14"]
[Round "3"]
[White "Aleksandrov, Georgi"]
[Black "Hristov, Petar"]
[Result "1-0"]
[WhiteElo "2245"]
[BlackElo "2014"]
[PlyCount "103"]
[EventDate "2010.06.12"]
[EventType "swiss"]
[EventRounds "9"]
[EventCountry "BUL"]
[SourceTitle "CBM 136 Extra"]
[Source "ChessBase"]
[SourceDate "2010.07.02"]
[SourceVersion "2"]
[SourceVersionDate "2010.07.15"]
[SourceQuality "1"]

1. d4 Nf6 2. Nf3 e6 3. Bg5 d5 4. e3 Be7 5. Bd3 Ne4 6. Bxe7 Qxe7 7. c3 0-0 8. Nbd2 f5 9. Ne5 Nd7 10. Ndf3 c5 11. Nxd7 Bxd7 12. Ne5 Rac8 13. dxc5 Nxc5 14. Nxd7 Qxd7 15. Qe2 a6 16. 0-0 e5 17. Rad1 Qc6 18. Rd2 e4 19. Bc2 Rcd8 20. Rfd1 Kh8 21. c4 Na4 22. Bxa4 Qxa4 23. b3 Qa3 24. Rxd5 Rxd5 25. Rxd5 h6 26. h3 Qc1+ 27. Kh2 Qc3 28. Qd2 Qa1 29. Rd7 Qe5+ 30. g3 Rf6 31. Qd4 Qa5 32. Qd2 Qb6 33. Qd5 Qb4 34. Rd8+ Rf8 35. Rxf8+ Qxf8 36. Qxb7 g5 37. Qd5 f4 38. Qe5+ Kg8 39. exf4 gxf4 40. Qxf4 Qa3 41. Qxe4 Qxa2 42. Qe3 Qc2 43. Kg2 a5 44. Qe8+ Kg7 45. Qe7+ Kg8 46. Qe6+ Kg7 47. Qe5+ Kg8 48. Qe3 a4 49. bxa4 Qxc4 50. Qf4 Qc6+ 51. Qf3 Qc5 52. Qa8+ 1-0

[Event "BUL-chT-B Group qual B"]
[Site "Sofia"]
[Date "2010.02.20"]
[Round "3.5"]
[White "Hristov, Petar"]
[Black "Petrov, Valeri"]
[Result "0-1"]
[WhiteElo "2022"]
[BlackElo "1996"]
[PlyCount "82"]
[EventDate "2010.02.19"]
[EventType "team-tourn"]
[EventRounds "4"]
[EventCountry "BUL"]
[SourceTitle "CBM 135 Extra"]
[Source "ChessBase"]
[SourceDate "2010.05.04"]
[SourceVersion "1"]
[SourceVersionDate "2010.05.04"]
[SourceQuality "1"]
[WhiteTeam "Stolichen Center"]
[BlackTeam "Slivnitsa Geroy"]
[WhiteTeamCountry "BUL"]
[BlackTeamCountry "BUL"]

1. b3 d5 2. Bb2 Nc6 3. d4 Bf5 4. e3 a6 5. Bd3 Qd7 6. Nf3 f6 7. a3 Bg4 8. h3 Bh5 9. c4 e6 10. Nc3 Bf7 11. Qc2 Nge7 12. Na4 Ng6 13. cxd5 exd5 14. Rc1 Bd6 15. Nc5 Bxc5 16. Qxc5 Qe7 17. Qc2 Nf4 18. Bf5 g6 19. 0-0 Nh5 20. Bd3 0-0 21. Rfe1 Qd7 22. Nh2 Be6 23. Be2 Ng7 24. b4 Bf5 25. Qd2 Ne8 26. Bf3 Ne7 27. e4 dxe4 28. Bxe4 Bxe4 29. Rxe4 Nd5 30. Rce1 Nd6 31. R4e2 Rae8 32. Ng4 h5 33. Nh2 Rxe2 34. Rxe2 g5 35. h4 Nf4 36. Re1 Nc4 37. Qc2 Qd5 38. f3 Nxb2 39. Qxb2 Nd3 40. Qc2 Nf4 41. Kf1 Rd8 0-1

[Event "Teteven op 24th"]
[Site "Teteven"]
[Date "2009.08.16"]
[Round "3"]
[White "Nikolov, Sasho"]
[Black "Hristov, Petar"]
[Result "1-0"]
[WhiteElo "2416"]
[BlackElo "1973"]
[PlyCount "73"]
[EventDate "2009.08.15"]
[EventType "swiss"]
[EventRounds "9"]
[EventCountry "BUL"]
[SourceTitle "CBM 131 Extra"]
[Source "ChessBase"]
[SourceDate "2009.09.03"]
[SourceVersion "2"]
[SourceVersionDate "2009.09.16"]
[SourceQuality "1"]

1. e4 b6 2. d4 Bb7 3. Nd2 e6 4. Ngf3 c5 5. c3 d5 6. Ne5 Nd7 7. Bb5 Ngf6 8. exd5 Bxd5 9. Ndf3 a6 10. Bxd7+ Nxd7 11. 0-0 Nxe5 12. Nxe5 Bd6 13. Qg4 Qf6 14. Re1 Bxe5 15. Rxe5 cxd4 16. cxd4 0-0 17. h4 h6 18. h5 Kh8 19. Bf4 Qe7 20. Rc1 f6 21. Rxd5 exd5 22. Rc7 Qe1+ 23. Kh2 Rg8 24. Be3 Qb1 25. Kg3 Qe4 26. Qxe4 dxe4 27. Kf4 Rge8 28. g4 b5 29. b4 a5 30. a3 axb4 31. axb4 Ra4 32. d5 Rxb4 33. d6 Ra4 34. d7 Rd8 35. Rc8 Ra8 36. Rxa8 Rxa8 37. Bb6 1-0

[Event "Kozloduy op rap"]
[Site "Kozloduy"]
[Date "2009.06.19"]
[Round "3"]
[White "Tsakov, Petar"]
[Black "Hristov, Petar"]
[Result "1/2-1/2"]
[WhiteElo "1985"]
[BlackElo "1973"]
[PlyCount "114"]
[EventDate "2009.06.18"]
[EventType "swiss (rapid)"]
[EventRounds "7"]
[EventCountry "BUL"]
[SourceTitle "CBM 131 Extra"]
[Source "ChessBase"]
[SourceDate "2009.09.03"]
[SourceVersion "2"]
[SourceVersionDate "2009.09.16"]
[SourceQuality "1"]

1. e4 g6 2. Nc3 Bg7 3. f4 d6 4. Bc4 c6 5. Nf3 b5 6. Bb3 b4 7. Ne2 Bg4 8. Ng3 Nf6 9. h3 Bxf3 10. Qxf3 0-0 11. d4 e6 12. 0-0 d5 13. c3 Na6 14. e5 Nd7 15. Be3 c5 16. Ne2 bxc3 17. bxc3 cxd4 18. cxd4 Nb6 19. Rac1 Rc8 20. Rxc8 Qxc8 21. Rc1 Qd7 22. Ng3 Rc8 23. f5 Rxc1+ 24. Bxc1 exf5 25. Ne2 Nc7 26. Qc3 Bf8 27. Be3 Ne6 28. Nf4 Nxf4 29. Bxf4 Qb5 30. Qc7 Qd3 31. Bg3 Qxd4+ 32. Bf2 Qe4 33. Qxa7 Nc4 34. Qa8 Ne3 35. Bxe3 Qxe3+ 36. Kh1 Qe1+ 37. Kh2 Qxe5+ 38. Kg1 d4 39. Qd5 Qxd5 40. Bxd5 Kg7 41. Kf2 Bc5 42. Ke2 f4 43. a4 f6 44. a5 Kf8 45. a6 Ke7 46. Kf3 g5 47. Ke4 h5 48. Bc4 Ba7 49. Be2 Ke6 50. Bc4+ Kd6 51. Be2 Kc5 52. Kd3 Kd5 53. Bxh5 Ke5 54. Be8 f3 55. gxf3 Kf4 56. Bh5 f5 57. Bg6 Bb8 1/2-1/2

[Event "BUL-ch U26"]
[Site "Sofia"]
[Date "2008.11.06"]
[Round "6"]
[White "Hristov, Petar"]
[Black "Videnova, Iva"]
[Result "0-1"]
[WhiteElo "1985"]
[BlackElo "2182"]
[PlyCount "56"]
[EventDate "2008.11.03"]
[EventType "swiss"]
[EventRounds "7"]
[EventCountry "BUL"]
[SourceTitle "EXT 2009"]
[Source "ChessBase"]
[SourceDate "2008.11.26"]
[SourceVersion "1"]
[SourceVersionDate "2008.11.26"]
[SourceQuality "1"]

1. d4 Nf6 2. Nf3 e6 3. c4 b6 4. g3 Ba6 5. Nbd2 c5 6. Bg2 Bb7 7. e3 Be7 8. 0-0 0-0 9. b3 d6 10. Bb2 Nbd7 11. Qc2 Qc7 12. e4 cxd4 13. Nxd4 Rac8 14. Rac1 Qb8 15. Qb1 Qa8 16. f4 Nc5 17. Rfe1 Rfd8 18. b4 Ncd7 19. f5 e5 20. Nb5 a6 21. Nc3 Ne8 22. Nd5 Bg5 23. Re2 b5 24. c5 dxc5 25. bxc5 Rxc5 26. Rxc5 Qa7 27. Bd4 exd4 28. Ne7+ Bxe7 0-1

[Event "BUL-ch U26"]
[Site "Sofia"]
[Date "2008.11.05"]
[Round "4"]
[White "Krastev, Krasimir"]
[Black "Hristov, Petar"]
[Result "0-1"]
[WhiteElo "2034"]
[BlackElo "1985"]
[PlyCount "44"]
[EventDate "2008.11.03"]
[EventType "swiss"]
[EventRounds "7"]
[EventCountry "BUL"]
[SourceTitle "EXT 2009"]
[Source "ChessBase"]
[SourceDate "2008.11.26"]
[SourceVersion "1"]
[SourceVersionDate "2008.11.26"]
[SourceQuality "1"]

1. e4 e5 2. Nf3 Nc6 3. Bc4 Nf6 4. Ng5 d5 5. exd5 Na5 6. Bb5+ c6 7. dxc6 bxc6 8. Ba4 h6 9. Nh3 Qd4 10. Nc3 Bg4 11. f3 Bxh3 12. gxh3 Qh4+ 13. Ke2 Bc5 14. Qe1 Qd4 15. a3 0-0 16. b4 e4 17. f4 Nd5 18. Qg3 e3 19. Nxd5 Qxa1 20. d3 cxd5 21. bxc5 Qd4 22. Bxe3 Qxa4 0-1